000 00513nam a2200181Ia 4500
001 4772
005 20260306145819.0
008 260306t2018||||xx |||||||||||||| ||spa||
041 _aESP
082 _a330.019
_bT45P
100 _aThaler, Richard H.
_eAUT
245 0 _aUn pequeño empujón (Nudge):
_bel impulso que necesitas para tomar mejores decisiones sobre salud, dinero y felicidad
260 _c2018
300 _a332 páginas :
_c24 cm.
650 _aGEN
654 _aCAN
942 _cLIB
_dJUS
_fJUS
_2ddc
_n
999 _c4772
_d4772